000 00856nam0a22002651 4500
001 RU\INFOCOMM_327\NLR\5000014020
005 20250613105012.0
035 _a(NLR Aleph) 009516597
090 _a8800257
_c8800257
100 _a20121213d1975 |||y0rusy50 ca
101 0 _aeng
102 _aRU
105 _ay z |||||
200 1 _aMethods of studying the needs of the population in ambulatory-policlinical aid
_fN. A. Kravchenko
_gUSSR Min. of public health. Central inst. for advanced med. studies. Intern. health fac.
210 _aM.
_d1975
215 _a[1], 19 с.
_d20 см
620 _aМосква
686 _aР11(2)22
_2rubbk
700 1 _9z01790
_aKravčenko
_bN. A.
790 1 _9z01700
_aKravchenko
_bN. A.
_4070
801 1 _aRU
_bNLR
_c20121213
801 0 _aRU
_bINFOCOMM
_gPSBO
852 _aNLR
_jМд97 Д-4/770
942 _cBOOK
980 _aNB